000
00269 a2200121 4500
001
67725
040
_c
Anchieta - Pituba
240
1
0
_a
Lingo macht mint, heft 7
_l
deu / ger
245
1
0
_a
Lingo macht mint, heft 7
300
_a
10
650
4
_a
Língua alemã
942
_c
BK
999
_c
67725
_d
67725